000 00538nam a2200181Ia 4500
001 12842
005 20260306163010.0
008 260306t2008||||xx |||||||||||||| ||spa||
041 _aESP
082 _aRD 346
_bT75
100 _aTorres Vásquez, Aníbal
_eAUT
245 0 _aDiccionario de jurisprudencia civil:
_bdefiniciones y conceptos de derecho civil y derecho procesal civil extraídos de la jurisprudencia
260 _c2008
300 _a25 páginas :
_c807 p.
650 _aGEN
654 _aCDE
942 _cDIC
_dJUS
_fJUS
_2ddc
_n
999 _c12842
_d12842